| 000 | 00510nam a2200193Ia 4500 | ||
|---|---|---|---|
| 005 | 20250508155648.0 | ||
| 008 | 008 250505s9999 xx 000 0 eng d | ||
| 037 | _aTextual | ||
| 040 |
_aFEDL _beng _cFEDL |
||
| 041 |
_aeng _2eng |
||
| 084 |
_aB, ROY _qFEDL |
||
| 100 |
_aKrishnayya G S _9756158 |
||
| 245 | 0 | _aRaja rammohun roy | |
| 245 | 0 | _cNational Council of Educational Research and Training | |
| 260 | _c1969 | ||
| 300 | _a115p. | ||
| 942 |
_cTEXL _hB, ROY |
||
| 999 |
_c1358629 _d1358629 |
||